| 000 | 01690nam a2200229Ia 4500 | ||
|---|---|---|---|
| 999 |
_c36359 _d36359 |
||
| 001 | 2271 | ||
| 003 | GE_BSU | ||
| 005 | 20190501174925.0 | ||
| 008 | 181216s2001||||ge |||||||||||||| ||geo|| | ||
| 040 | _cGE_BSU | ||
| 041 | _ageo | ||
| 080 | _a615(075.8) თ–87 | ||
| 100 |
_aთურმანაული, გივი. _9616 |
||
| 245 |
_aპრაქტიკოსი ექიმის სახელმძღვანელო : _bძირითადი ფარმაკოთერაპიული პრეპარატები სასწრაფო და გადაუდებელი სამედიცინო დახმარების პრაქტიკაში. მწვავე მოწამვლები–კლინიკური სიმპტომები, დიაგნოსტიკა, გადაუდებელი საექიმო დახმარება საექიმო მანიპულაციების ჩატარების წესები და სხვა სახელმძღვანელო პრაქტიკოსი ექიმებისათვის და სტუდენტებისათვის / _cგივი თურმანაული. |
||
| 264 |
_aთბილისი : _bქრონოგრაფი, _c2001 |
||
| 300 |
_a273 გვ.; _b19 სმ. |
||
| 653 | _aმედიცინა | ||
| 653 | _aფარმაკოლოგია | ||
| 653 | _aგადაუდებელი საექიმო დახმარება | ||
| 653 | _aპრაქტიკოსი ექიმები | ||
| 942 |
_cBK _2udc |
||